'Blank Space' Lyrics Quiz Stats

Quiz Updated Dec 15, 2014

Challenge
Share
Tweet
Embed
Score 0/295 Timer 10:00
8 Plays Today
% Correct
[Chorus]
98.3%
[x2]
98.3%
[Chorus]
98.3%
I
98%
I
98%
I
98%
I
98%
I
98%
I
98%
I
98%
I
98%
I
98%
I
98%
I
98%
you.
97.2%
you,
97.2%
you
97.2%
you
97.2%
you
97.2%
You
97.2%
you
97.2%
you
97.2%
You
97.2%
you
97.2%
you
97.2%
you
97.2%
you
97.2%
you
97.2%
you
97.2%
you
97.2%
you
97.2%
you
97.2%
a
96.1%
a
96.1%
a
96.1%
a
96.1%
a
96.1%
a
96.1%
a
96.1%
a
96.1%
a
96.1%
a
96.1%
and
92.2%
and
92.2%
and
92.2%
and
92.2%
and
92.2%
and
92.2%
and
92.2%
to
92.2%
to
92.2%
to
92.2%
to
92.2%
go
91.7%
in
91.4%
me.
91.3%
me
91.3%
the
91.1%
the
91.1%
the
91.1%
the
91.1%
the
91.1%
the
91.1%
the
91.1%
the
91.1%
be
90.7%
be
90.7%
be
90.7%
your
88.3%
your
88.3%
your
88.3%
blank
88.1%
love
88.1%
love
88.1%
love
88.1%
can
88%
can
88%
can
88%
can
88%
space,
87.7%
it
85.8%
like
84.6%
like
84.6%
like
84.6%
like
84.6%
my
84.6%
my
84.6%
my
84.6%
my
84.6%
where
82.9%
I'm
82.7%
I'm
82.7%
I'm
82.7%
I'm
82.7%
I'm
82.7%
want
82.4%
want,
82.4%
want
82.4%
for
82.3%
% Correct
for
82.3%
baby,
81.9%
baby,
81.8%
Got
81.7%
Got
81.7%
got
81.7%
show
81.6%
show
81.6%
on
81.5%
name.
81.4%
that
81.2%
that
81.2%
write
81.2%
things.
81.1%
things.
81.1%
it's
81%
it's
81%
it's
80.9%
it's
80.9%
been?
80.1%
I'll
80.1%
meet
79.7%
tell
79.7%
tell
79.7%
tell
79.7%
'Oh
79.6%
'Oh
79.6%
incredible
79.6%
incredible
79.6%
Nice
79.4%
game,
78.8%
game.
78.8%
if
78.8%
if
78.8%
play?'
77.7%
god,
77.5%
god
77.5%
look
77.4%
look
77.4%
of
77.1%
of
77.1%
at
76.7%
So
76.3%
So
76.3%
insane.
76%
insane.
76%
next
75.1%
mistake.
75.1%
or
75%
or
75%
when
74.5%
down
74.4%
face.
73.6%
forever
73.6%
flames.
73.6%
could
73.4%
could
73.4%
over
73.1%
gonna
72.8%
gonna
72.8%
is
72.6%
is
72.6%
long
72.6%
long
72.6%
list
72.3%
list
72.3%
they'll
72.2%
they'll
72.2%
was
71.6%
pain.
71.4%
ex-lovers,
71.4%
ex-lovers,
71.4%
make
71%
make
71%
know
70.8%
know
70.8%
this
70.7%
this
70.7%
worth
70.4%
But
70.2%
but
70.2%
I've
69%
Love's
68.1%
good
67.9%
heaven,
67.9%
Magic,
67.6%
there
67.5%
bad
67.3%
sin.
66.3%
magazine.
66.2%
weekend.
66.2%
'Cause
66.1%
'Cause
66.1%
'Cause,
66.1%
high
65.8%
read
65.8%
how
65.4%
see
65.4%
players
65.3%
% Correct
tie.
64.5%
madness,
64.5%
say
64.5%
say
64.5%
Saw
64.2%
suit
63.9%
money,
63.8%
with
63.5%
with
63.5%
thought,
63.4%
one
63.4%
Boys
63.1%
who
63.1%
guys
63.1%
Don't
62.5%
only
61.9%
New
61.8%
leave
61.7%
leave.
61.7%
we're
61.4%
we're
61.4%
too
60.6%
way
60.2%
didn't,
60.1%
didn't
60.1%
torture.
59.7%
friends.
59.7%
let's
59.6%
she?'
59.6%
warn
59.3%
ends.
59.2%
take
59%
fly,
58.8%
hand.
58.8%
scar.
58.6%
nightmare
58.3%
passport
58.2%
daydream.
57.8%
far.
57.7%
Grab
57.6%
nasty
57.6%
girl
57.5%
young
57.5%
about
57.3%
dressed
56.9%
hey,
56.4%
get
56.3%
heard
56.2%
reckless.
56.1%
come.
56%
come
56%
breathless
55.8%
We'll
55.8%
dying
55.6%
all
55.2%
rumors
54.8%
drunk
54.7%
jealousy,
54%
what
54%
month.
53.1%
funny,
52.8%
turn.
52.5%
Ain't
52%
tables
51.9%
queen.
51.4%
It'll
51.3%
You're
50.4%
king,
50.2%
lips,
49.3%
yet
48.5%
time
48.4%
darling,
48.2%
Cherry
48%
out
47.9%
crystal
47.8%
worst
47.8%
Find
46.2%
perfect
45.6%
skies.
45.4%
Screaming,
45.3%
crying,
44.9%
back
44.8%
Rose
44.3%
you'll
44.2%
garden
43.7%
each
43.2%
thorns.
43%
filled
42.6%
lies.
40%
kisses,
39.9%
pretty
38.7%
Stolen
37.2%
storms.
37%
guessing
35%
second
34.6%
Keep
34%
Wait,
33.7%

You're not logged in!

Compare scores with friends on all Sporcle quizzes.
Join for Free
OR
Log In

You Might Also Like...

Show Comments

Extras

Top Quizzes Today


Score Distribution

Your Account Isn't Verified!

In order to create a playlist on Sporcle, you need to verify the email address you used during registration. Go to your Sporcle Settings to finish the process.

Report this User

Report this user for behavior that violates our Community Guidelines.

Details: